LEADER 01069nam a2200229 i 4500 001 000000152232 003 CaOOAMICUS 005 20060727000000.0 008 060727n it u000 u ita u 013 $a129573 040 $aSeMil$bita 100 1 $aSala, Pinuccia.$0(OLS)http://semarc/name/59749 245 10$aDon Carlo Borghi :$bsacerdote, scienziato, filosofo, artista /$c[ricerche storiche e testi Pinuccia Sala]. 260 $a[S.l. :$bs.n.],$c[1993?]$e(Misinto :$fGraf 80 snc,$g[1993?]) 300 $a19 p. :$bricc. ill. ;$c30 cm. 500 $aIn cop. : Barlassina 2004 nel 20. anniversario della scomparsa. - In custodia con : Don Carlo Borghi fisico. 600 14$aBorghi, Carlo .$0(OLS)http://semarc/subject/29720 850 $aSeMil 852 $aSeMil$W1$xVenegono$y1$m5B XII 1/9$j104191$B104191$CSeMilBibl$Z2$F113224 $81 961 $aRecupero: Altro 996 $6245$aDon Carlo Borghi :$bsacerdote, scienziato, filosofo, artista$9(OLS)http://semarc/title/222556 996 $6260$a[S.l. :$bs.n.]$9(OLS)http://semarc/publisher/29751 LEADER 02239nam a2200361 4500 001 000000332856 003 CaOOAMICUS 005 20200527151709.0 008 190315s2018 it a c 000 u mul r 020 $a978-88-98141-04-3 040 $aSeMil$bita 111 2 $aMostra «L'Arte Novissima. Lucio Fontana per il Duomo di Milano, 1936-1956»$d<2018-2019 ;$cMilano>.$0(OLS)http://semarc/name/111388 245 12$aL'Arte Novissima :$bLucio Fontana per il Duomo di Milano, 1936-1956 /. 260 $a[Milano] :$bVeneranda Fabbrica del Duomo di Milano,$ccopyr. [2018?] 300 $a63 p. :$briccamente ill. ;$c27 cm 500 $aIn copertina e in preliminari : Veneranda Fabbrica del Duomo di Milano, 1387. 505 2 $aContiene : Fonti e bibliografia essenziale. 536 $aCon il patrocinio di : Arcidiocesi di Milano ; MiBAC, Ministero per i Beni e le Attivitą Culturali ; Regione Lombardia ; Comune di Milano ; FLF, Fondazione Lucio Fontana. 546 $aTesto in italiano con traduzione in inglese a fronte. 585 $aCatalogo della Mostra, Museo del Duomo di Milano, Sala Gian Galeazzo, 27 ottobre 2018-27 gennaio 2019 ; Enti prestatori : Fondazione La Triennale di Milano, Archivio Fotografico ; Fondazione Lucio Fontana ; GASC, Galleria d'Arte Sacra dei Contemporanei, Milano ; Museo del Novecento, Milano. 600 14$aFontana, Lucio <1899-1968>.$0(OLS)http://semarc/subject/26229 650 4$aMilano - Duomo - Sculture - 1936-1956.$0(OLS)http://semarc/subject/49189 700 1 $aFontana, Lucio,$d<1899-1968>.$0(OLS)http://semarc/name/35346 700 1 $aAversa, Michele.$0(OLS)http://semarc/name/111427 700 1 $aBenati, Giulia.$0(OLS)http://semarc/name/16537 700 1 $aNegri, Massimo.$0(OLS)http://semarc/name/22880 850 $aSeMil 852 $aSeMil$W1$xVenegono$y1$m5Q VII 21$j220608$B225077$CSeMilBibl$Z2$F225077 $81 961 $aOmaggio: Braccini Anna Maria 996 $6020$a978-88-98141-04-3$9(OLS)http://semarc/number/286788 996 $6245$aL'Arte Novissima :$bLucio Fontana per il Duomo di Milano, 1936-1956$9(OLS)http://semarc/title/421983 996 $6260$a[Milano] :$bVeneranda Fabbrica del Duomo di Milano$9(OLS)http://semarc/publisher/36099